000 00548nam a2200217Ia 4500
003 OSt
005 20220918192506.0
006 a|||||r|||| 00| 0
007 ta
008 220917b |||||||| |||| 00| 0 eng d
024 _a68,702
037 _cTextual
040 _aARTS
_cARTS
_beng
041 _2eng
_aeng
082 _aR3, K3-;6
100 _aBanerjee Nikunja Vihari
_979271
245 0 _aLanguage, meaning and persons
260 _c1963
942 _hR3, K3-;6
_cTEXL
_2CC
999 _c194873
_d194873